000 00301nam a22001337a 4500
008 180124b xxu||||| |||| 00| 0 eng d
020 _a9780323036443
041 _aeng
080 _a611
100 _a6
101 _aANA
245 _aThe human body in health& disease
_cSwisher,L
942 _2udc
_cBK
999 _c40814
_d40814